| 000 | 00000nam 2200000za 4500 |
| 001 | 9.843670 |
| 003 | CaOODSP |
| 005 | 20221107152556 |
| 007 | cr ||||||||||| |
| 008 | 170914s2013 onc #o f000 0 eng d |
| 040 | |aCaOODSP|beng |
| 043 | |an-cn--- |
| 086 | 1 |aFB12-7/5-2013E-PDF |
| 245 | 00|aMeasurement bias in the Canadian CPI |h[electronic resource]. |
| 260 | |a[Ottawa] : |bBank of Canada, |c2013, c2012. |
| 300 | |a[2] p. |
| 490 | 1 |aBackgrounders |
| 500 | |a"May 2013." |
| 500 | |aTitle from caption. |
| 500 | |aIssued also in French under title: Les biais de mesure propres à l’IPC canadien. |
| 520 | |a"The Consumer Price Index (CPI) is the most commonly used measure of inflation in Canada. The CPI is used to make cost-of-living adjustments in wages and salaries and to index the income tax system and social benefits such as pensions. So it is important that the CPI be as accurate a measure of inflation as possible"--p. [1]. |
| 692 | 07|2gccst|aPrice indexes |
| 692 | 07|2gccst|aBanks |
| 710 | 2 |aBank of Canada. |
| 775 | 08|tLes biais de mesure propres à l’IPC canadien |w(CaOODSP)9.843675 |
| 830 | #0|aBackgrounders (Bank of Canada)|w(CaOODSP)9.839691 |
| 856 | 40|qPDF|s177 KB|uhttps://publications.gc.ca/collections/collection_2017/banque-bank-canada/FB12-7-5-2013-eng.pdf |